Past, present and future of the work on superconducting magnets at Saclay /

Saved in:
Bibliographic Details
Main Author: Kircher, Francois
Corporate Author: Ko-enerugi Butsurigaku Kenkyujo (Japan)
Format: Book
Language:English
Published: Tsukuba, Japan : National Laboratory for High Energy Physics, 1975.
Series:KEK ; 75-14
Subjects:
LEADER 01006nam a22002651a 4500
001 c000134023
003 CARM
005 00000000000000.0
008 950711s1975 ja a b 00000 eng d
019 1 |a 11699857  |5 LACONCORD2021 
035 |a (OCoLC)221762002  |5 LACONCORD2021 
040 |a VU  |c VU 
100 1 |a Kircher, Francois. 
245 1 0 |a Past, present and future of the work on superconducting magnets at Saclay /  |c Francois Kircher. 
260 |a Tsukuba, Japan :  |b National Laboratory for High Energy Physics,  |c 1975. 
300 |a 38 p. :  |b ill. ;  |c 30 cm. 
440 0 |a KEK ;  |v 75-14 
500 |a Cover title. 
504 |a Bibliography: p. 17. 
650 0 |a Superconducting magnets. 
710 2 |a Ko-enerugi Butsurigaku Kenkyujo (Japan) 
852 8 |b CARM  |h A2:AN17D2  |i D04981  |p 0197531  |f BK 
082 0 4 |a 538.4  |2 20 
999 f f |i c1c20444-e980-5960-b34f-16613fc1b7ac  |s 84a5b348-ba0d-5744-992e-6536f3023495 
952 f f |p Can circulate  |a CAVAL  |b CAVAL  |c CAVAL  |d CARM 1 Store  |e D04981  |f A2:AN17D2  |h Other scheme  |i book  |m 0197531